| 000 | 00770cab a2200229 4500 | ||
|---|---|---|---|
| 001 | WB3420-28 | ||
| 008 | 090401t1998 xxu||||| |||| 00| 0 eng d | ||
| 035 | _a(Sirsi) u86401 | ||
| 041 | _aeng | ||
| 245 | _aRetail goes on the internet | ||
| 260 | _c1998 | ||
| 350 | _a0 | ||
| 490 |
_aIndependent _v26 May 1998, 8(1) |
||
| 520 | _aAn American retail clothes company, The Gap, plans to expand on to the internet. But there are important decisions to be considered, as previous attempts by others have failed, warns an electronic selling analyst. | ||
| 650 | _aINTERNET | ||
| 650 | _aRETAIL SECTOR | ||
| 650 | _aRETAILING | ||
| 650 | _aVIRTUAL SHOPPING | ||
| 690 | _aMANAGEMENT-BUSINESS MANAGEMENT-INFORMATION MANAGEMENT | ||
| 942 | _n0 | ||
| 948 | _c27/05/1998 | ||
| 999 |
_c54373 _d54373 |
||